LEADER 00894nam a2200229 i 4500 001 000000154956 003 CaOOAMICUS 005 20240424170720.0 008 061030s1927 it u000 u ita u 013 $a132305 040 $aSeMil$bita 100 1 $aPetrarca, Francesco,$d<1304-1374>.$0(OLS)http://semarc/name/619 245 13$aLa vita solitaria /$cF. Petrarca ; Versione di L. Asioli. 260 $aMilano :$bU. Hoepli,$c1927. 300 $aXXIII, 159 p. ;$c15 cm. 650 4$aPetrarca, Francesco <1304-1374> - Opere.$0(OLS)http://semarc/subject/13342 700 1 $aAsioli, Luigi.$0(OLS)http://semarc/name/40215 850 $aSeMil 852 $aSeMil$W1$xVenegono$y1$m1C I 372$j247814$B106807$CSeMilBibl$Z2$F116068 $8I 996 $6245$aLa vita solitaria$9(OLS)http://semarc/title/226869 996 $6260$aMilano :$bU. Hoepli$9(OLS)http://semarc/publisher/33212 LEADER 00885nam a2200241 i 4500 001 000000092967 003 CaOOAMICUS 005 20180830150130.0 008 180830s1993 xx u000 u und u 013 $a65209 020 $a88-317-5824-1 040 $aSeMil$bita 100 1 $aGryphius, Andreas.$0(OLS)http://semarc/name/41175 245 10$aNotte, lucente notte. Sonetti. 260 $aVenezia :$bMarsilio,$c1993. 300 $a141 p. 650 4$aPoesia.$0(OLS)http://semarc/subject/5458 700 1 $aDe Angelis, Enrico.$0(OLS)http://semarc/name/7834 850 $aSeMil 852 $aSeMil$W1$xVenegono$y1$m245 2 1 *$j55783$B55783$CSeMilBibl$Z2$F60568 $81 996 $6020$a88-317-5824-1$9(OLS)http://semarc/number/73185 996 $6245$aNotte, lucente notte. Sonetti$9(OLS)http://semarc/title/139056 996 $6260$aVenezia :$bMarsilio$9(OLS)http://semarc/publisher/30231